000 01563cam a22004934i 4500
003 PE-LiUPU
005 20250731173114.0
008 190312s2004 xxu r 000 0 eng d
020 _a0226323994
020 _a9780226323992
035 _a(Sirsi) a251940
040 _aPE-LiUPU
_bspa
_cPE-LiUPU
_erda
049 _aPRUA
082 0 4 _a299.21
_bB76
_221
100 1 _aBottéro, Jean,
_eautor.
245 1 4 _aThe Babylonian Genesis :
_bthe story of creation /
_cAlexander Heidel.
250 _aSecond edition.
264 1 _aChicago :
_bThe University of Chicago Press,
_c2004.
300 _aix, 153 páginas ;
_c23 centímetros.
336 _atext
_2rdacontent
337 _aunmediated
_2rdamedia
338 _avolume
_2rdacarrier
505 0 _aEnuma elish -- related babylonian creation stories -- old testament parallels.
526 _aSEG42
526 _aSEG41
526 _aSEG40
526 _aSEG39
526 _aP94
526 _aP87
526 _aP86
526 _aP85
526 _aP77
526 _aP76
526 _aP35
650 1 4 _aCosmogonía babilónica.
650 2 4 _aCreación.
650 2 4 _aIdioma acadio
_vTextos.
910 _aadm
_bksl
_cksl
_d20190312
942 _2ddc
_cBOOK
994 _aC0
_bPEPRU
596 _a1
999 _a299.21 B76
_wDEWEY
_c31203
_i80026
_f2021-11-11
_g3
_lCCODEBUL1
_mBUL
_p16.55
_r0
_sY
_tBOOK
_u2019-3-12
_xTEOLOGIA
_PP35
_0DONACION
_o.STAFF. Colección Teología
_d31203
980 _81
_gALBERTO SANCHEZ Responsable de Automatización